[Event "Moscow Open 2018 F"]
[Site "?"]
[Date "2018.01.31"]
[Round "6.6"]
[White "Thing, Bibek"]
[Black "Aleksandrovskiy, Dmitriy"]
[Result "1-0"]
[BlackElo "2239"]
[WhiteElo "2252"]
[LiveChessVersion "1.4.8"]

1. e4 {[%clk 1:26:08]} c5 {[%clk 1:30:52]} 2. c3 {[%clk 1:26:13]} b6
{[%clk 1:29:40]} 3. d4 {[%clk 1:24:55]} Bb7 {[%clk 1:29:53]} 4. Bd3
{[%clk 1:24:10]} Nf6 {[%clk 1:28:57]} 5. Qe2 {[%clk 1:23:33]} cxd4
{[%clk 1:27:17]} 6. cxd4 {[%clk 1:24:01]} Nc6 {[%clk 1:27:26]} 7. Nf3
{[%clk 1:16:48]} Nb4 {[%clk 1:27:41]} 8. Nc3 {[%clk 1:16:38]} Nxd3+
{[%clk 1:27:54]} 9. Qxd3 {[%clk 1:17:06]} e6 {[%clk 1:26:15]} 10. Bg5
{[%clk 1:15:37]} h6 {[%clk 1:24:13]} 11. Bxf6 {[%clk 1:11:06]} Qxf6
{[%clk 1:24:00]} 12. O-O {[%clk 1:10:59]} Bb4 {[%clk 1:23:28]} 13. Ne5
{[%clk 1:08:14]} Bxc3 {[%clk 1:21:35]} 14. bxc3 {[%clk 1:07:47]} Rd8
{[%clk 1:18:16]} 15. a4 {[%clk 1:05:30]} O-O {[%clk 1:16:46]} 16. a5
{[%clk 1:03:30]} d6 {[%clk 1:14:08]} 17. Ng4 {[%clk 0:58:55]} Qf4
{[%clk 1:05:54]} 18. f3 {[%clk 0:57:52]} f5 {[%clk 1:00:21]} 19. exf5
{[%clk 0:55:44]} Qxf5 {[%clk 1:00:26]} 20. Qxf5 {[%clk 0:54:55]} exf5
{[%clk 1:00:40]} 21. Nf2 {[%clk 0:49:42]} Rc8 {[%clk 0:58:10]} 22. axb6
{[%clk 0:49:33]} axb6 {[%clk 0:58:33]} 23. Rfb1 {[%clk 0:45:31]} Rxc3
{[%clk 0:55:49]} 24. Rxb6 {[%clk 0:45:44]} Rfc8 {[%clk 0:55:51]} 25. h3
{[%clk 0:36:04]} Bc6 {[%clk 0:53:48]} 26. Nd1 {[%clk 0:29:12]} Rd3
{[%clk 0:52:18]} 27. Rc1 {[%clk 0:28:21]} Rxd4 {[%clk 0:49:41]} 28. Ne3
{[%clk 0:28:01]} Re8 {[%clk 0:48:23]} 29. Nxf5 {[%clk 0:24:58]} Rd5
{[%clk 0:48:47]} 30. Nxh6+ {[%clk 0:22:55]} gxh6 {[%clk 0:49:10]} 31. Rcxc6
{[%clk 0:23:07]} Rd8 {[%clk 0:49:08]} 32. Rc7 {[%clk 0:22:20]} Rg5
{[%clk 0:48:32]} 33. Kf2 {[%clk 0:21:45]} h5 {[%clk 0:46:34]} 34. Rbc6
{[%clk 0:20:07]} d5 {[%clk 0:44:29]} 35. Rc8 {[%clk 0:14:01]} Rxc8
{[%clk 0:44:52]} 36. Rxc8+ {[%clk 0:14:30]} Kf7 {[%clk 0:45:09]} 37. f4
{[%clk 0:14:20]} Rf5 {[%clk 0:43:08]} 38. Kf3 {[%clk 0:14:12]} Ke6
{[%clk 0:42:57]} 39. g4 {[%clk 0:13:31]} hxg4+ {[%clk 0:43:23]} 40. hxg4
{[%clk 0:13:57]} Rf7 {[%clk 0:43:45]} 41. Rc6+ {[%clk 0:13:38]} Kd7
{[%clk 0:44:09]} 42. Ra6 {[%clk 0:14:02]} Rf8 {[%clk 0:44:33]} 43. f5
{[%clk 0:14:21]} Rb8 {[%clk 0:43:22]} 44. g5 {[%clk 0:14:38]} Rb3+
{[%clk 0:43:34]} 45. Kf4 {[%clk 0:14:54]} d4 {[%clk 0:43:50]} 46. g6
{[%clk 0:11:11]} Rb1 {[%clk 0:43:23]} 47. g7 {[%clk 0:10:16]} Rg1
{[%clk 0:43:43]} 48. Rg6 {[%clk 0:10:13]} 1-0

[Event "Moscow Open 2018 F"]
[Site "?"]
[Date "2018.01.31"]
[Round "6.7"]
[White "Velichko, Arseny"]
[Black "Zakhartsov, Vladimir"]
[Result "0-1"]
[BlackElo "2472"]
[WhiteElo "2155"]
[LiveChessVersion "1.4.8"]

1. d4 {[%clk 1:30:57]} Nf6 {[%clk 1:29:04]} 2. c4 {[%clk 1:28:19]} e6
{[%clk 1:29:31]} 3. Nf3 {[%clk 1:28:22]} b6 {[%clk 1:29:57]} 4. g3
{[%clk 1:28:47]} Ba6 {[%clk 1:30:25]} 5. Qa4 {[%clk 1:29:10]} Bb7
{[%clk 1:30:41]} 6. Bg2 {[%clk 1:29:34]} c5 {[%clk 1:31:07]} 7. dxc5
{[%clk 1:30:00]} bxc5 {[%clk 1:31:34]} 8. O-O {[%clk 1:30:12]} Be7
{[%clk 1:31:55]} 9. Nc3 {[%clk 1:30:33]} O-O {[%clk 1:32:15]} 10. Rd1
{[%clk 1:31:00]} Qb6 {[%clk 1:32:19]} 11. Bf4 {[%clk 1:31:22]} d6
{[%clk 1:32:21]} 12. Rab1 {[%clk 1:31:45]} Nbd7 {[%clk 1:31:08]} 13. b4
{[%clk 1:32:02]} Rfb8 {[%clk 1:29:38]} 14. a3 {[%clk 1:13:43]} a6
{[%clk 1:28:42]} 15. h3 {[%clk 1:11:43]} Qc7 {[%clk 1:28:46]} 16. Qa5
{[%clk 1:10:00]} Qxa5 {[%clk 1:27:04]} 17. bxa5 {[%clk 1:10:29]} e5
{[%clk 1:20:22]} 18. Bg5 {[%clk 1:04:25]} Bc8 {[%clk 1:17:30]} 19. Bxf6
{[%clk 0:55:22]} gxf6 {[%clk 1:16:49]} 20. Nd2 {[%clk 0:54:57]} Rxb1
{[%clk 1:17:10]} 21. Rxb1 {[%clk 0:55:19]} Rb8 {[%clk 1:17:36]} 22. Rxb8
{[%clk 0:48:00]} Nxb8 {[%clk 1:18:03]} 23. g4 {[%clk 0:45:07]} f5
{[%clk 1:14:12]} 24. Nd5 {[%clk 0:44:56]} Kf8 {[%clk 1:13:20]} 25. Nb6
{[%clk 0:36:25]} Be6 {[%clk 1:13:39]} 26. gxf5 {[%clk 0:34:15]} Bxf5
{[%clk 1:14:07]} 27. Ne4 {[%clk 0:33:38]} Be6 {[%clk 1:13:00]} 28. Nc3
{[%clk 0:32:13]} Bd8 {[%clk 1:13:10]} 29. a4 {[%clk 0:24:58]} Bxb6
{[%clk 1:05:40]} 30. axb6 {[%clk 0:25:26]} Bxc4 {[%clk 1:05:55]} 31. a5
{[%clk 0:23:53]} f5 {[%clk 1:05:59]} 32. e4 {[%clk 0:22:14]} fxe4
{[%clk 1:06:10]} 33. Bxe4 {[%clk 0:22:31]} h6 {[%clk 1:06:34]} 34. Kg2
{[%clk 0:22:16]} Ke7 {[%clk 1:06:09]} 35. Nd5+ {[%clk 0:19:18]} Ke6
{[%clk 1:05:19]} 36. Nc7+ {[%clk 0:19:06]} Kd7 {[%clk 1:05:32]} 37. Nd5
{[%clk 0:14:28]} Kc6 {[%clk 1:00:38]} 38. Ne7+ {[%clk 0:14:20]} Kb5
{[%clk 1:00:29]} 39. b7 {[%clk 0:12:23]} d5 {[%clk 1:00:50]} 40. Nxd5
{[%clk 0:11:06]} Kxa5 {[%clk 1:00:47]} 41. Kf3 {[%clk 0:10:49]} Bb5
{[%clk 0:59:42]} 42. Ne7 {[%clk 0:06:14]} Kb4 {[%clk 0:59:03]} 43. Ng6
{[%clk 0:04:19]} a5 {[%clk 0:58:28]} 44. Nxe5 {[%clk 0:04:44]} a4
{[%clk 0:58:48]} 45. Ke3 {[%clk 0:03:15]} a3 {[%clk 0:58:29]} 46. Bb1
{[%clk 0:03:38]} Kb3 {[%clk 0:58:42]} 47. Kd2 {[%clk 0:02:02]} Kb2
{[%clk 0:58:54]} 48. Ba2 {[%clk 0:01:24]} Kxa2 {[%clk 0:59:16]} 49. Kc2
{[%clk 0:01:49]} Ba4+ {[%clk 0:59:42]} 50. Kc1 {[%clk 0:02:18]} Kb3
{[%clk 1:00:04]} 51. Kb1 {[%clk 0:02:43]} c4 {[%clk 0:59:08]} 52. f4
{[%clk 0:03:08]} c3 {[%clk 0:58:44]} 53. Nd3 {[%clk 0:03:33]} c2+
{[%clk 0:58:57]} 54. Ka1 {[%clk 0:04:03]} Kc3 {[%clk 0:59:16]} 55. Nc1
{[%clk 0:04:16]} Kd2 {[%clk 0:59:42]} 56. Na2 {[%clk 0:04:41]} Bb3 0-1

[Event "Moscow Open 2018 F"]
[Site "?"]
[Date "2018.01.31"]
[Round "6.8"]
[White "Arutyunova, Asya"]
[Black "Shapkin, Anatoliy"]
[Result "0-1"]
[BlackElo "2278"]
[WhiteElo "2115"]
[LiveChessVersion "1.4.8"]

1. Nf3 {[%clk 1:17:30]} c5 {[%clk 1:30:36]} 2. c4 {[%clk 1:17:56]} Nc6
{[%clk 1:30:50]} 3. d4 {[%clk 1:18:24]} cxd4 {[%clk 1:31:12]} 4. Nxd4
{[%clk 1:18:52]} Nf6 {[%clk 1:31:35]} 5. Nc3 {[%clk 1:19:19]} e6 {[%clk 1:31:57]}
6. g3 {[%clk 1:19:33]} Qb6 {[%clk 1:32:18]} 7. Nc2 {[%clk 1:19:42]} d5
{[%clk 1:31:37]} 8. e3 {[%clk 1:03:30]} dxc4 {[%clk 1:30:05]} 9. Bxc4
{[%clk 1:03:42]} Be7 {[%clk 1:29:52]} 10. O-O {[%clk 1:03:37]} O-O
{[%clk 1:29:17]} 11. f4 {[%clk 1:01:36]} a6 {[%clk 1:24:25]} 12. Qf3
{[%clk 0:56:45]} Qc5 {[%clk 1:14:33]} 13. Bd3 {[%clk 0:43:50]} b5
{[%clk 1:07:54]} 14. g4 {[%clk 0:36:05]} Bb7 {[%clk 1:00:01]} 15. g5
{[%clk 0:35:05]} Nd7 {[%clk 0:57:25]} 16. Rd1 {[%clk 0:31:30]} Rfd8
{[%clk 0:55:39]} 17. Ne4 {[%clk 0:25:21]} Qb6 {[%clk 0:53:55]} 18. Qh3
{[%clk 0:24:34]} Nf8 {[%clk 0:52:13]} 19. b3 {[%clk 0:19:59]} Ne5
{[%clk 0:51:10]} 20. fxe5 {[%clk 0:12:32]} Bxe4 {[%clk 0:48:36]} 21. Bxe4
{[%clk 0:11:04]} Rxd1+ {[%clk 0:48:50]} 22. Kg2 {[%clk 0:11:33]} Rad8
{[%clk 0:48:54]} 23. Qh5 {[%clk 0:10:13]} Ng6 {[%clk 0:47:47]} 24. Bb2
{[%clk 0:09:04]} R8d2+ {[%clk 0:47:01]} 25. Kg3 {[%clk 0:07:27]} Rxa1
{[%clk 0:47:23]} 26. Bxa1 {[%clk 0:07:46]} Qc5 {[%clk 0:47:34]} 27. Bd4
{[%clk 0:06:30]} Qc7 {[%clk 0:46:24]} 28. Ne1 {[%clk 0:06:31]} Qc1
{[%clk 0:44:06]} 29. Nf3 {[%clk 0:06:09]} Rxa2 {[%clk 0:44:16]} 30. Qg4
{[%clk 0:05:24]} Qf1 {[%clk 0:44:27]} 31. Qh3 {[%clk 0:05:22]} Qf2+
{[%clk 0:43:44]} 32. Kg4 {[%clk 0:05:51]} a5 {[%clk 0:43:55]} 33. Qg3
{[%clk 0:05:54]} a4 {[%clk 0:42:19]} 34. Qxf2 {[%clk 0:04:41]} Rxf2
{[%clk 0:42:41]} 35. Kg3 {[%clk 0:04:48]} Rf1 {[%clk 0:42:22]} 36. Bd3
{[%clk 0:04:46]} Rc1 {[%clk 0:42:40]} 37. Bb2 {[%clk 0:04:35]} Rc8
{[%clk 0:42:52]} 38. Bxb5 {[%clk 0:04:36]} a3 {[%clk 0:42:36]} 0-1

[Event "Moscow Open 2018 F"]
[Site "?"]
[Date "2018.01.31"]
[Round "6.9"]
[White "Yakovlev, Egor"]
[Black "Tishova, Svetlana"]
[Result "1/2-1/2"]
[BlackElo "2136"]
[WhiteElo "2232"]
[LiveChessVersion "1.4.8"]

1. Nf3 {[%clk 1:29:01]} d5 {[%clk 1:25:12]} 2. d4 {[%clk 1:29:06]} Nf6
{[%clk 1:25:35]} 3. c4 {[%clk 1:29:32]} e6 {[%clk 1:26:00]} 4. g3
{[%clk 1:27:27]} Bb4+ {[%clk 1:22:39]} 5. Bd2 {[%clk 1:26:54]} Bd6
{[%clk 1:23:03]} 6. Bg2 {[%clk 1:27:12]} c6 {[%clk 1:23:28]} 7. O-O
{[%clk 1:27:45]} O-O {[%clk 1:24:00]} 8. Qc2 {[%clk 1:27:11]} Nbd7
{[%clk 1:20:06]} 9. b3 {[%clk 1:25:10]} dxc4 {[%clk 1:13:18]} 10. bxc4
{[%clk 1:23:50]} e5 {[%clk 1:13:39]} 11. Bc3 {[%clk 1:23:40]} Re8
{[%clk 1:06:43]} 12. Nbd2 {[%clk 1:18:12]} exd4 {[%clk 0:51:22]} 13. Nxd4
{[%clk 1:18:02]} Nc5 {[%clk 0:51:41]} 14. Rad1 {[%clk 1:17:25]} Qb6
{[%clk 0:47:21]} 15. e4 {[%clk 1:05:51]} a5 {[%clk 0:36:14]} 16. h3
{[%clk 1:00:42]} Nfd7 {[%clk 0:23:02]} 17. Kh2 {[%clk 0:58:36]} Ne6
{[%clk 0:16:27]} 18. N2f3 {[%clk 0:55:54]} Nxd4 {[%clk 0:13:39]} 19. Nxd4
{[%clk 0:55:12]} Ne5 {[%clk 0:13:48]} 20. Ba1 {[%clk 0:55:11]} Qc5
{[%clk 0:12:58]} 21. Rc1 {[%clk 0:54:09]} f6 {[%clk 0:12:34]} 22. f4
{[%clk 0:53:40]} Nf7 {[%clk 0:13:00]} 23. Rfd1 {[%clk 0:53:13]} a4
{[%clk 0:10:58]} 24. Nf3 {[%clk 0:49:37]} Qh5 {[%clk 0:08:27]} 25. Nd4
{[%clk 0:41:33]} Ba3 {[%clk 0:07:38]} 26. Rb1 {[%clk 0:41:21]} Nd6
{[%clk 0:07:27]} 27. Re1 {[%clk 0:35:26]} Bc5 {[%clk 0:04:43]} 28. f5
{[%clk 0:30:46]} Qf7 {[%clk 0:04:24]} 29. Bf1 {[%clk 0:28:53]} Qc7
{[%clk 0:04:28]} 30. Bd3 {[%clk 0:27:06]} Nf7 {[%clk 0:04:39]} 31. Nf3
{[%clk 0:25:59]} Bd6 {[%clk 0:04:49]} 32. Qf2 {[%clk 0:26:10]} Ne5
{[%clk 0:02:44]} 33. Bxe5 {[%clk 0:24:40]} Bxe5 {[%clk 0:03:09]} 34. c5
{[%clk 0:24:57]} Ra5 {[%clk 0:01:55]} 35. Kg2 {[%clk 0:23:39]} Re7
{[%clk 0:01:40]} 36. Red1 {[%clk 0:23:15]} Bd7 {[%clk 0:01:45]} 37. Bc4+
{[%clk 0:22:34]} Kh8 {[%clk 0:02:07]} 38. g4 {[%clk 0:21:34]} Be8
{[%clk 0:02:01]} 39. Be6 {[%clk 0:20:55]} Ra8 {[%clk 0:01:49]} 40. Nxe5
{[%clk 0:19:22]} Qxe5 {[%clk 0:02:05]} 41. Qd4 {[%clk 0:19:27]} Qf4
{[%clk 0:01:15]} 42. Rb4 {[%clk 0:18:36]} h5 {[%clk 0:00:47]} 43. Rf1
{[%clk 0:17:51]} Qc7 {[%clk 0:00:46]} 44. Qd6 {[%clk 0:16:31]} Bf7
{[%clk 0:00:46]} 45. Qxc7 {[%clk 0:15:17]} Rxc7 {[%clk 0:01:11]} 46. Bxf7
{[%clk 0:15:41]} Rxf7 {[%clk 0:01:39]} 47. Rd1 {[%clk 0:15:46]} Re7
{[%clk 0:01:22]} 48. Kf3 {[%clk 0:15:13]} hxg4+ {[%clk 0:01:10]} 49. hxg4
{[%clk 0:15:39]} Kg8 {[%clk 0:00:52]} 50. Rdd4 {[%clk 0:15:53]} Ra5
{[%clk 0:00:37]} 51. Rxa4 {[%clk 0:15:59]} Rxc5 {[%clk 0:00:43]} 52. Ra8+
{[%clk 0:16:10]} Kf7 {[%clk 0:00:54]} 53. Rdd8 {[%clk 0:16:32]} Ree5
{[%clk 0:00:39]} 54. Rf8+ {[%clk 0:16:30]} Ke7 {[%clk 0:01:05]} 55. Rg8
{[%clk 0:15:54]} Rc3+ {[%clk 0:01:19]} 56. Kf4 {[%clk 0:16:09]} Kd6
{[%clk 0:01:21]} 57. Rgd8+ {[%clk 0:12:55]} Kc5 {[%clk 0:01:17]} 58. Re8
{[%clk 0:12:57]} Rxe8 {[%clk 0:00:54]} 59. Rxe8 {[%clk 0:13:22]} Ra3
{[%clk 0:00:45]} 60. Re7 {[%clk 0:13:03]} b5 {[%clk 0:01:12]} 61. Rxg7
{[%clk 0:13:14]} Rxa2 {[%clk 0:01:38]} 62. g5 {[%clk 0:13:33]} fxg5+
{[%clk 0:01:44]} 63. Rxg5 {[%clk 0:13:23]} Kd4 {[%clk 0:01:54]} 64. Rg6
{[%clk 0:13:35]} Rf2+ {[%clk 0:01:06]} 65. Kg3 {[%clk 0:13:59]} Rf1
{[%clk 0:01:20]} 66. Rxc6 {[%clk 0:13:10]} 1/2-1/2

[Event "Moscow Open 2018 F"]
[Site "?"]
[Date "2018.01.31"]
[Round "6.10"]
[White "Antonov, Andrey P."]
[Black "Kudenko, Alexander"]
[Result "1-0"]
[BlackElo "1978"]
[WhiteElo "2176"]
[LiveChessVersion "1.4.8"]

1. e4 {[%clk 1:30:58]} c5 {[%clk 1:24:53]} 2. Nf3 {[%clk 1:31:20]} e6
{[%clk 1:25:19]} 3. Nc3 {[%clk 1:31:46]} a6 {[%clk 1:25:43]} 4. d4
{[%clk 1:32:12]} cxd4 {[%clk 1:26:09]} 5. Nxd4 {[%clk 1:32:39]} Qc7
{[%clk 1:26:37]} 6. g3 {[%clk 1:32:56]} Bb4 {[%clk 1:24:13]} 7. Bd2
{[%clk 1:33:22]} Nc6 {[%clk 1:24:34]} 8. Nxc6 {[%clk 1:33:47]} dxc6
{[%clk 1:19:53]} 9. Qg4 {[%clk 1:31:35]} Bf8 {[%clk 1:19:36]} 10. f4
{[%clk 1:29:50]} Nf6 {[%clk 1:16:02]} 11. Qf3 {[%clk 1:30:12]} e5
{[%clk 1:16:04]} 12. h3 {[%clk 1:07:21]} Bc5 {[%clk 0:59:06]} 13. Bg2
{[%clk 1:06:50]} O-O {[%clk 0:58:54]} 14. O-O-O {[%clk 0:58:23]} b5
{[%clk 0:56:18]} 15. g4 {[%clk 0:50:19]} exf4 {[%clk 0:54:30]} 16. Bxf4
{[%clk 0:50:27]} Qa5 {[%clk 0:54:43]} 17. e5 {[%clk 0:41:02]} b4 {[%clk 0:52:52]}
18. exf6 {[%clk 0:37:35]} bxc3 {[%clk 0:52:22]} 19. Qxc3 {[%clk 0:36:57]} Qxc3
{[%clk 0:39:27]} 20. bxc3 {[%clk 0:37:23]} Ba3+ {[%clk 0:39:52]} 21. Kd2
{[%clk 0:31:33]} Be6 {[%clk 0:37:11]} 22. fxg7 {[%clk 0:28:22]} Rfe8
{[%clk 0:26:32]} 23. Bg5 {[%clk 0:23:01]} Bc4 {[%clk 0:23:20]} 24. Rhe1
{[%clk 0:21:54]} Kxg7 {[%clk 0:19:08]} 25. Bxc6 {[%clk 0:20:05]} Rxe1
{[%clk 0:19:22]} 26. Rxe1 {[%clk 0:19:22]} Rc8 {[%clk 0:19:45]} 27. Ba4
{[%clk 0:16:33]} Bc5 {[%clk 0:04:53]} 28. Bb3 {[%clk 0:15:41]} Bb5
{[%clk 0:05:19]} 29. Be3 {[%clk 0:13:42]} Rd8+ {[%clk 0:04:24]} 30. Bd4+
{[%clk 0:13:35]} Kg6 {[%clk 0:03:09]} 31. Ke3 {[%clk 0:12:16]} Be7
{[%clk 0:03:16]} 32. c4 {[%clk 0:11:14]} Bc6 {[%clk 0:03:14]} 33. Re2
{[%clk 0:08:17]} Bg5+ {[%clk 0:02:08]} 34. Kd3 {[%clk 0:08:42]} Bf3
{[%clk 0:02:32]} 35. Rf2 {[%clk 0:08:27]} Bc6 {[%clk 0:02:47]} 36. c5
{[%clk 0:07:58]} Rd7 {[%clk 0:03:17]} 37. Bc4 {[%clk 0:07:14]} a5
{[%clk 0:02:56]} 38. Kc3 {[%clk 0:06:27]} f6 {[%clk 0:03:00]} 39. Be6
{[%clk 0:05:02]} Re7 {[%clk 0:02:03]} 40. Re2 {[%clk 0:04:44]} Kg7
{[%clk 0:00:42]} 41. Bc4 {[%clk 0:05:07]} Rc7 {[%clk 0:01:08]} 42. Kd3
{[%clk 0:02:31]} Bf3 {[%clk 0:01:21]} 43. Rf2 {[%clk 0:02:41]} Bc6
{[%clk 0:01:50]} 44. Rf5 {[%clk 0:02:47]} Kg6 {[%clk 0:00:50]} 45. Bd5
{[%clk 0:03:10]} Bd7 {[%clk 0:00:38]} 46. Rf1 {[%clk 0:03:19]} Bh4
{[%clk 0:00:38]} 47. Be4+ {[%clk 0:03:35]} Kg7 {[%clk 0:01:02]} 48. Rb1
{[%clk 0:03:32]} Bc8 {[%clk 0:00:36]} 49. c6 {[%clk 0:03:40]} Bg3
{[%clk 0:00:36]} 50. Kc4 {[%clk 0:03:21]} Be6+ {[%clk 0:00:54]} 51. Kb5
{[%clk 0:02:49]} Bxa2 {[%clk 0:00:57]} 52. Ra1 {[%clk 0:02:49]} Bf7
{[%clk 0:00:35]} 53. Rxa5 {[%clk 0:02:44]} Be8 {[%clk 0:00:33]} 54. g5
{[%clk 0:01:54]} Kf7 {[%clk 0:00:37]} 55. gxf6 {[%clk 0:01:35]} h5
{[%clk 0:01:02]} 56. Bd5+ {[%clk 0:01:38]} Kg6 {[%clk 0:01:18]} 57. Kb6
{[%clk 0:01:50]} Bf4 {[%clk 0:00:54]} 58. Be4+ {[%clk 0:01:58]} Kh6
{[%clk 0:01:04]} 59. Be3 {[%clk 0:01:45]} 1-0

[Event "Moscow Open 2018 F"]
[Site "?"]
[Date "2018.01.31"]
[Round "6.11"]
[White "Alieva, Alexandra"]
[Black "Badalyan, Shavarsh"]
[Result "0-1"]
[BlackElo "2172"]
[WhiteElo "2100"]
[LiveChessVersion "1.4.8"]

1. e4 {[%clk 1:18:44]} c5 {[%clk 1:30:33]} 2. Nf3 {[%clk 1:19:10]} e6
{[%clk 1:30:51]} 3. b3 {[%clk 1:19:05]} a6 {[%clk 1:30:07]} 4. c4
{[%clk 1:17:49]} Nc6 {[%clk 1:28:42]} 5. Bb2 {[%clk 1:17:30]} Qc7
{[%clk 1:28:36]} 6. h3 {[%clk 1:13:40]} d6 {[%clk 1:24:45]} 7. d4
{[%clk 1:05:28]} cxd4 {[%clk 1:24:54]} 8. Nxd4 {[%clk 1:05:41]} Nf6
{[%clk 1:24:56]} 9. Nc3 {[%clk 1:04:04]} Be7 {[%clk 1:22:10]} 10. Be2
{[%clk 1:04:16]} b6 {[%clk 1:20:51]} 11. Nxc6 {[%clk 0:48:00]} Qxc6
{[%clk 1:21:15]} 12. Bf3 {[%clk 0:48:23]} e5 {[%clk 1:18:20]} 13. Nd5
{[%clk 0:48:07]} Nxd5 {[%clk 1:18:01]} 14. cxd5 {[%clk 0:48:33]} Qb7
{[%clk 1:17:38]} 15. Rc1 {[%clk 0:47:22]} O-O {[%clk 1:17:00]} 16. O-O
{[%clk 0:45:05]} g6 {[%clk 1:12:09]} 17. Qd2 {[%clk 0:39:48]} Bd7
{[%clk 1:10:56]} 18. Be2 {[%clk 0:36:32]} Rac8 {[%clk 1:03:09]} 19. f4
{[%clk 0:30:26]} Rxc1 {[%clk 1:01:21]} 20. Rxc1 {[%clk 0:29:17]} f6
{[%clk 1:01:03]} 21. h4 {[%clk 0:20:10]} b5 {[%clk 0:57:06]} 22. Qe3
{[%clk 0:17:31]} Rc8 {[%clk 0:55:27]} 23. h5 {[%clk 0:14:33]} Rxc1+
{[%clk 0:54:44]} 24. Bxc1 {[%clk 0:14:40]} Qc8 {[%clk 0:49:12]} 25. hxg6
{[%clk 0:12:47]} hxg6 {[%clk 0:49:37]} 26. fxe5 {[%clk 0:10:48]} dxe5
{[%clk 0:44:37]} 27. Qh6 {[%clk 0:10:40]} Be8 {[%clk 0:44:19]} 28. Be3
{[%clk 0:10:20]} Bf7 {[%clk 0:42:58]} 29. Bd1 {[%clk 0:06:57]} f5
{[%clk 0:41:35]} 30. Qh3 {[%clk 0:04:15]} Bc5 {[%clk 0:34:52]} 31. exf5
{[%clk 0:03:44]} Bxe3+ {[%clk 0:33:20]} 32. Qxe3 {[%clk 0:04:09]} Qxf5
{[%clk 0:33:37]} 33. Bf3 {[%clk 0:03:21]} Qf4 {[%clk 0:32:02]} 34. Kf2
{[%clk 0:03:36]} Kg7 {[%clk 0:30:26]} 35. d6 {[%clk 0:02:09]} Kf6
{[%clk 0:29:20]} 36. d7 {[%clk 0:02:14]} Ke7 {[%clk 0:29:02]} 37. Qxf4
{[%clk 0:00:42]} exf4 {[%clk 0:29:25]} 38. Bc6 {[%clk 0:00:53]} g5
{[%clk 0:28:28]} 39. Kf3 {[%clk 0:01:18]} Be6 {[%clk 0:28:25]} 40. Ke4
{[%clk 0:01:42]} b4 {[%clk 0:28:12]} 41. Ke5 {[%clk 0:01:38]} Bxd7
{[%clk 0:28:16]} 42. Bxd7 {[%clk 0:00:44]} Kxd7 {[%clk 0:28:39]} 43. Kf5
{[%clk 0:00:32]} Kd6 {[%clk 0:29:04]} 44. Kxg5 {[%clk 0:00:35]} Ke5
{[%clk 0:29:29]} 45. Kg4 {[%clk 0:00:45]} Ke4 {[%clk 0:29:50]} 46. Kg5
{[%clk 0:01:00]} Ke3 {[%clk 0:27:03]} 47. Kf5 {[%clk 0:00:53]} f3
{[%clk 0:27:13]} 48. gxf3 {[%clk 0:01:09]} Kxf3 {[%clk 0:27:40]} 49. Ke5
{[%clk 0:01:10]} Ke3 {[%clk 0:28:08]} 50. Kd5 {[%clk 0:01:22]} Kd3
{[%clk 0:28:33]} 51. Kc5 {[%clk 0:00:33]} Kc3 {[%clk 0:28:58]} 52. Kb6
{[%clk 0:00:36]} Kb2 {[%clk 0:29:25]} 53. Kc5 {[%clk 0:00:36]} a5
{[%clk 0:29:46]} 54. Kd4 0-1

[Event "Moscow Open 2018 F"]
[Site "?"]
[Date "2018.01.31"]
[Round "6.12"]
[White "Borisenko, Viacheslav"]
[Black "Meyer, Henrik"]
[Result "1-0"]
[BlackElo "2086"]
[WhiteElo "2330"]
[LiveChessVersion "1.4.8"]

1. e4 {[%clk 1:30:57]} c5 {[%clk 1:26:28]} 2. Nf3 {[%clk 1:31:19]} d6
{[%clk 1:26:54]} 3. c3 {[%clk 1:31:44]} Nf6 {[%clk 1:27:15]} 4. Be2
{[%clk 1:32:08]} Bg4 {[%clk 1:27:42]} 5. O-O {[%clk 1:32:20]} Nc6
{[%clk 1:27:59]} 6. d4 {[%clk 1:32:43]} e6 {[%clk 1:27:03]} 7. h3
{[%clk 1:29:01]} Bh5 {[%clk 1:27:27]} 8. d5 {[%clk 1:28:51]} exd5
{[%clk 1:26:29]} 9. exd5 {[%clk 1:29:13]} Bxf3 {[%clk 1:26:36]} 10. Bxf3
{[%clk 1:29:31]} Ne5 {[%clk 1:26:56]} 11. Bf4 {[%clk 1:26:35]} Nxf3+
{[%clk 1:25:29]} 12. Qxf3 {[%clk 1:27:01]} Be7 {[%clk 1:25:48]} 13. c4
{[%clk 1:25:37]} O-O {[%clk 1:26:06]} 14. Nc3 {[%clk 1:26:01]} a6
{[%clk 1:26:14]} 15. Rfb1 {[%clk 1:20:36]} Qc7 {[%clk 1:18:40]} 16. a3
{[%clk 1:18:06]} Rfb8 {[%clk 1:13:10]} 17. b4 {[%clk 1:16:41]} b5
{[%clk 1:13:25]} 18. Qe2 {[%clk 1:13:13]} cxb4 {[%clk 1:12:21]} 19. Rxb4
{[%clk 1:12:15]} Re8 {[%clk 1:09:07]} 20. a4 {[%clk 1:10:43]} Qc5
{[%clk 1:01:56]} 21. Rab1 {[%clk 1:10:27]} Qd4 {[%clk 1:00:19]} 22. Qd2
{[%clk 1:03:57]} Qxd2 {[%clk 0:59:49]} 23. Bxd2 {[%clk 1:04:24]} bxc4
{[%clk 1:00:11]} 24. Rxc4 {[%clk 1:04:41]} Rac8 {[%clk 0:58:42]} 25. Rc6
{[%clk 1:01:03]} Rxc6 {[%clk 0:53:50]} 26. dxc6 {[%clk 1:01:31]} Rc8
{[%clk 0:54:11]} 27. Rb6 {[%clk 1:00:41]} d5 {[%clk 0:51:40]} 28. Rxa6
{[%clk 1:00:12]} d4 {[%clk 0:52:04]} 29. Nb5 {[%clk 0:59:39]} Bc5
{[%clk 0:52:24]} 30. c7 {[%clk 0:58:04]} Ne4 {[%clk 0:52:32]} 31. Ba5
{[%clk 0:52:09]} Kf8 {[%clk 0:51:55]} 32. Kf1 {[%clk 0:45:31]} Ke7
{[%clk 0:51:09]} 33. Bb6 {[%clk 0:44:43]} Bxb6 {[%clk 0:50:08]} 34. Rxb6
{[%clk 0:45:10]} Kd7 {[%clk 0:48:53]} 35. Rb8 {[%clk 0:42:42]} Nc3
{[%clk 0:48:22]} 36. Rxc8 {[%clk 0:42:33]} Kxc8 {[%clk 0:48:46]} 37. Nxc3
{[%clk 0:42:59]} dxc3 {[%clk 0:49:12]} 38. Ke2 {[%clk 0:43:27]} Kxc7
{[%clk 0:48:53]} 39. Kd3 {[%clk 0:43:55]} Kb6 {[%clk 0:48:46]} 40. Kxc3
{[%clk 0:44:22]} Ka5 {[%clk 0:49:10]} 41. Kb3 {[%clk 0:44:31]} h6
{[%clk 0:46:37]} 42. Ka3 {[%clk 0:44:43]} g6 {[%clk 0:46:50]} 43. Kb3
{[%clk 0:45:11]} h5 {[%clk 0:46:12]} 44. h4 {[%clk 0:45:19]} f6 {[%clk 0:46:22]}
45. f4 {[%clk 0:45:41]} 1-0